Chýba nám silné národné povedomie

Bibliographic Details
Main Author: Soták, Mikuláš (Author)
Format: Article
Language:Slovak
Subjects:

MARC

LEADER 00000nab a2200000 a 4500
001 vtls000603053
003 SK-MaSNL
005 20260303014344.0
008 140302c1996 xo 0 slo
015 |a SNBRB19rr/mm-uuuuu 
035 |a CL0603192 
040 |a SNKBUCL  |b slo  |c SNKBUCL  |e AACR2 
041 0 |a slo 
044 |a xo  |c SK 
080 |a 37.03:301.152.4:323.1  |2 1981 
080 |a 301.152.4:323.1  |2 1981 
100 1 |a Soták, Mikuláš  |4 aut  |9 880633 
245 1 0 |a Chýba nám silné národné povedomie  |c Mikuláš Soták 
650 0 7 |a povedomie národné  |2 snkbucl  |9 850759 
655 7 |a články z novín a časopisov  |2 snkbucl  |9 267496 
773 0 |t Učiteľské noviny  |g Roč. 46, č. 32 (1996), s. 4 
850 |a Slovenská národná knižnica v Martine  |a MTA001 
852 |a SNK  |b KIS3GCP 
958 |a SK 
958 |a RK 
992 |a RBX 
999 |c 1607189  |d 1609119